000 00293nam a2200109Ia 4500
008 200302s9999 xx 000 0 und d
100 _aRichard H. Penner and Others
245 _aHotel Design Planning and Development 2nd ed.,
260 _bTaylor &Francis Group
260 _c2013
300 _a444
999 _c3729
_d3729